Solid fuels and heavy hydrocarbon liquids : Thermal characterization and analysis

Gespeichert in:
Bibliographische Detailangaben
1. Verfasser:  Kamdiyoti, Rafael
Format: Sách
Sprache:Undetermined
Veröffentlicht:  Elsevier  2006
Schlagworte:
Tags: Tag hinzufügen
Keine Tags, Fügen Sie den ersten Tag hinzu!
Thư viện lưu trữ: Trung tâm Thư viện - Trường Đại học Công nghiệp TP. Hồ Chí Minh
LEADER 00528nam a2200157Ia 4500
001 UIH_03225
008 231011s9999 xx 000 0 und d
082 |a  543.1 
100 |a  Kamdiyoti, Rafael 
245 0 |a  Solid fuels and heavy hydrocarbon liquids : Thermal characterization and analysis 
245 0 |c  Kamdiyoti, Rafael 
260 |b  Elsevier 
260 |c  2006 
650 |a  Hóa học phân tích;  
927 |a Sách 
980 |a Trung tâm Thư viện - Trường Đại học Công nghiệp TP. Hồ Chí Minh